00538 2200205 4500001002100000005001700021008004100038020002200079035002400101040001200125082001100137090001900148100001600167245004300183260003400226300002500260504001200285850001200297990002300309YOGYA-0112000000019220120104231554.0 ind  a978-979-26-1867-9 0010-011200000000192 aYOPDYOG a372.35 aDep 372.35 jag aAditya Bayu aJago sains sd kelas 4,5,6cAditya Bayu aYogyakartabCitra Mediac2011 a330 hlmbilusc26 cm ahlm 330 aYOPDYOG aCB.D.11 -2011-1189